| 000 | 00545nam a2200193 4500 | ||
|---|---|---|---|
| 001 | 120323 | ||
| 003 | ES-MaACL | ||
| 005 | 20231218150757.0 | ||
| 007 | t| | ||
| 008 | 070214s1979 sp r ||||1| spa d | ||
| 245 | 0 | 0 |
_aPoesía inglesa / _ctraducción de José Siles Artés. |
| 250 | _a1ª. ed. | ||
| 260 |
_aBarcelona : _bMarfel, _c1979. |
||
| 300 |
_a169 p. ; _c21 cm. |
||
| 500 | _aAntología bilingüe. | ||
| 700 | 1 |
_aSiles Artés, José, _d1930- _9106341 |
|
| 852 |
_aES-MaACL _jL-5375 _bR.105659 |
||
| 999 |
_c120323 _d120323 |
||